| 000 | 00886cam a2200265 a 4500 | ||
|---|---|---|---|
| 001 | 15902921 | ||
| 005 | 20150113113441.0 | ||
| 008 | 090911t2010 xxua frb 001 0 eng d | ||
| 010 | _a2009936791 | ||
| 020 | _a9781441911506 (hardcover : alk. paper) | ||
| 040 |
_aDLC _cDLC _dEG-ScBUE |
||
| 082 | 0 | 0 |
_222 _a621.36 _bCAI |
| 100 | 1 |
_aCai, Wenshan _937127 |
|
| 245 | 1 | 0 |
_aOptical metamaterials : _bfundamentals and applications / _cWenshan Cai, Vladimir Shalaev. |
| 260 |
_aNew York, United States : _bSpringer, _cc.2010. |
||
| 300 |
_axii, 200 p. : _bill. (col.) ; _c25 cm. |
||
| 500 | _aIndex : p. 197-200. | ||
| 504 | _aIncludes bibliographical references. | ||
| 650 | 0 |
_aOptical materials _937128 |
|
| 650 | 0 |
_aMetamaterials _931680 |
|
| 653 |
_bENGCHE _cJanuary2015 |
||
| 655 |
_vreading book _934232 |
||
| 700 | 1 |
_aShalaev, Vladimir M., _d1957- _937130 |
|
| 942 |
_2ddc _k621.36 CAI |
||
| 999 |
_c18862 _d18834 |
||